| 000 | 01274nam a2200241Ii 4500 | ||
|---|---|---|---|
| 003 | JO-AjNU | ||
| 005 | 20240625133328.0 | ||
| 008 | 230605s9999||||xx |||||||||||||| ||und|| | ||
| 040 |
_aJO-AjNU _bara _erda _cJO-AjNU |
||
| 041 | _aara | ||
| 050 | 1 | 4 | _aHD69 2022 |
| 100 | 1 |
_aابو رمان، رنا شكري عبدالحميد _eمعد _965668 |
|
| 245 | 1 |
_aعلاقة السمعة التنظيمية بالفاعلية التنظيميه للمشروعات الصناعية الصغيرة في محافظة عجلون=The Relationship Between Organizational Reputation and Organizational Effectiveness for Small Industrial Enterprises in Ajloun Governorate / _cاعداد رنا شكري عبدالحميد ابو رمان؛ اشراف محمود علي الروسان |
|
| 264 | 3 | 1 | _a2022 |
| 300 | _a119 ورقة | ||
| 336 |
_atext _btxt _2rdacontent |
||
| 337 |
_aunmediated _bn _2rdamedia |
||
| 338 |
_avolume _bnc _2rdacarrier |
||
| 500 | _aرسالة جامعية(اطروحة ماجستير) جامعة عجلون الوطنية، كلية ادارة الاعمال، تخصص ادارة الاعمال، 2022 | ||
| 650 | 4 |
_aالمشروعات الصغيرة-تنظيم _962394 |
|
| 700 | 1 |
_aالروسان، محمود علي _eمشرف _965363 |
|
| 942 |
_2lcc _cTHS |
||
| 999 |
_c31819 _d31819 |
||